000 00422nam a2200181Ia 4500
005 20240823021008.0
008 240823s9999||||xx |||||||||||||| ||und||
041 _aENGLISH
082 _A621.381 N3
100 _aTheraja B L
245 0 _aBasic Electronics
250 _a4th
260 _c1993
_b"S Chand,New Delhi"
500 _aTRANSFERED
650 _aElectronics
_bElectronics
942 _cBK
999 _c176048
_d176048